LEADER 01317nam a2200253 a 4500 001 000000144703 003 CaOOAMICUS 005 20150708123339.0 008 150708s2007 it a u000 u ita r 040 $aPUL$bita 110 2 $aDirettori diocesani e collaboratori Migrantes.$bConvegno nazionale$c(Montesilvano :$d2007).$0(OLS)http://pul/name/92767 245 14$a"La persona: una storia sacra" :$batti convegno nazionale Direttori diocesani e collaboratori Migrantes, Montesilvano (Pe) 24-27 settembre 2007. 260 $aRoma :$bLitostampa 2,$c2007. 300 $aP. 403-552 p. :$bill. ;$c24 cm 500 $aEstratto da: Servizio migranti (numero speciale), n. 6/2007. 504 $aBibliografia in nota. 650 4$aTeologia pastorale$zItalia$ySec. XX.$0(OLS)http://pul/subject/16392 650 4$aImmigrazione$xChiesa cattolica.$0(OLS)http://pul/subject/41108 850 $aPUL 852 $aPUL$W1$xDP1 Fondo S. Lanza$y121$m3 I 64$j167068$qFondi$B167652$CPULBib$Z2$F167652 $HLan598 $82 941 1 $a1 996 $6245$a"La persona: una storia sacra" :$batti convegno nazionale Direttori diocesani e collaboratori Migrantes, Montesilvano (Pe) 24-27 settembre 2007$9(OLS)http://pul/title/183039 996 $6260$aRoma :$bLitostampa 2$9(OLS)http://pul/publisher/83582 LEADER 01218nam a2200289 a 4500 001 000000117465 003 CaOOAMICUS 005 20091019142217.0 008 091016t20062008it u000 u ita r 020 $a978-88-372-2211-6 040 $aPUL$bita$dReb 100 1 $aCangiotti, Marco,$d1956-$0(OLS)http://pul/name/44677 245 10$aSull'universalitą della democrazia /$cMarco Cangiotti. 260 $aBrescia :$bMorcelliana,$c©2006-2008. 300 $a133 p. ;$c21 cm. 490 1 $aFilosofia. Nuova serie 504 $aBibliografia in nota. 650 4$aFilosofia politica.$0(OLS)http://pul/subject/155 650 4$aDemocrazia.$0(OLS)http://pul/subject/11947 830 0$aFilosofia (Morcelliana).$pNuova serie ;$v45.$0(OLS)http://pul/title/99999 850 $aPUL 852 $aPUL$W1$xSL Diritto e Scienze Sociali 3$y79$m321. 8 CANMA 1$j134811$qDDC 21$B133782$CPULBib$Z2$F133782 $H111375 $82 941 1 $a9 960 $aFilosofia della politica$9155 996 $6020$a978-88-372-2211-6$9(OLS)http://pul/number/142087 996 $6245$aSull'universalitą della democrazia$9(OLS)http://pul/title/147815 996 $6260$aBrescia :$bMorcelliana$9(OLS)http://pul/publisher/47854